000 00560nam a22002177a 4500
003 UA-OsUOA
001 120248
007 ta
008 20161220b un ||||| |||| 00| 0 ukr d
100 _aПавлів І.
090 _a908
_bП12
942 _cSA
040 _aUA-OsUOA
_bukr
_cUA-OsUOA
_dUA-OsUOA
245 _aЗгадуючи Гальшку та часи найбільшого розквіту Острога
300 _aС.10
955 _a0
041 _aukr
080 _a908
773 0 _w120247
650 7 _a908 Краєзнавство
_2UDC
999 _c406200
_d406200